[Event "Riga Tech op-A"]
[Site "Riga"]
[Date "2023.08.12"]
[Round "8"]
[White "Tran, Thanh Tu"]
[Black "Garcia Martinez, Marcos"]
[Result "1/2-1/2"]
[WhiteElo "2413"]
[BlackElo "2152"]
[PlyCount "70"]
[EventDate "2023.08.07"]
[EventType "swiss"]
[EventRounds "9"]
[EventCountry "LAT"]
[SourceTitle "CBM 215 Extra"]
[Source "ChessBase"]
[SourceDate "2023.09.30"]
[SourceVersion "1"]
[SourceVersionDate "2023.09.30"]
[SourceQuality "1"]

1. e4 e6 2. d4 d5 3. e5 c5 4. c3 Nc6 5. Nf3 Bd7 6. Be2 Nge7 7. Na3 Nf5 8. Nc2 cxd4 9. cxd4 Rc8 10. 0-0 Qc7 11. Bd3 h5 12. Bd2 Be7 13. b4 Qb6 14. a4 a5 15. bxa5 Nxa5 16. Rb1 Qa7 17. Bxf5 exf5 18. Ne3 Be6 19. Rb5 Nc4 20. Nxd5 Nxd2 21. Nxd2 Qxd4 22. Nxe7 Rc7 23. Nxf5 Bxf5 24. Nf3 Qxd1 25. Rxd1 Rh6 26. h3 Ra6 27. Rb4 Bd7 28. Rdb1 Rxa4 29. Rxb7 Rxb7 30. Rxb7 Bc6 31. Rb8+ Ke7 32. Ng5 Ra5 33. Rb6 Rxe5 34. Nxf7 Re1+ 35. Kh2 Bxg2 1/2-1/2

[Event "Riga Tech op-A"]
[Site "Riga"]
[Date "2023.08.08"]
[Round "3"]
[White "Jobava, Baadur"]
[Black "Tran, Thanh Tu"]
[Result "1-0"]
[WhiteElo "2574"]
[BlackElo "2413"]
[PlyCount "55"]
[EventDate "2023.08.07"]
[EventType "swiss"]
[EventRounds "9"]
[EventCountry "LAT"]
[SourceTitle "CBM 215 Extra"]
[Source "ChessBase"]
[SourceDate "2023.09.30"]
[SourceVersion "1"]
[SourceVersionDate "2023.09.30"]
[SourceQuality "1"]

1. e4 c5 2. c3 Nf6 3. e5 Nd5 4. g3 d6 5. exd6 Qxd6 6. Bg2 Nc6 7. Ne2 h5 8. Na3 Be6 9. d4 cxd4 10. Nb5 Qd7 11. 0-0 h4 12. Nexd4 Nxd4 13. Nxd4 Bh3 14. Bxh3 Qxh3 15. Qa4+ Kd8 16. Qa5+ Nb6 17. Rd1 Ke8 18. Qb5+ Nd7 19. Bf4 g5 20. Nf5 Rd8 21. Nd6+ exd6 22. Re1+ Be7 23. Bxd6 Qe6 24. Bxe7 Kxe7 25. Qxg5+ Kd6 26. Rad1+ Kc7 27. Rxe6 fxe6 28. Qa5+ 1-0

[Event "Riga Tech op-A"]
[Site "Riga"]
[Date "2023.08.08"]
[Round "2"]
[White "Tran, Thanh Tu"]
[Black "Jongste, David"]
[Result "1-0"]
[WhiteElo "2413"]
[BlackElo "2141"]
[PlyCount "55"]
[EventDate "2023.08.07"]
[EventType "swiss"]
[EventRounds "9"]
[EventCountry "LAT"]
[SourceTitle "CBM 215 Extra"]
[Source "ChessBase"]
[SourceDate "2023.09.30"]
[SourceVersion "1"]
[SourceVersionDate "2023.09.30"]
[SourceQuality "1"]

1. d4 Nf6 2. Nf3 g6 3. Nc3 d5 4. Bf4 c6 5. h3 Bg7 6. e3 a5 7. Bd3 Na6 8. a3 Nc7 9. 0-0 0-0 10. Re1 Ne6 11. Bh2 c5 12. Be5 b6 13. a4 Bb7 14. Nb5 Ne4 15. Bxg7 Kxg7 16. b3 Rc8 17. c4 f6 18. Bxe4 dxe4 19. Nh2 cxd4 20. exd4 Nf4 21. d5 f5 22. Qd4+ Kg8 23. Rad1 e6 24. Qe5 Qg5 25. g3 Nxh3+ 26. Kg2 exd5 27. Nd6 dxc4 28. Nxb7 1-0

[Event "Kobe op"]
[Site "Kobe"]
[Date "2023.07.16"]
[Round "4"]
[White "Tran, Thanh Tu"]
[Black "Kojima, Shinya"]
[Result "0-1"]
[WhiteElo "2420"]
[BlackElo "2335"]
[PlyCount "90"]
[EventDate "2023.07.14"]
[EventType "swiss"]
[EventRounds "7"]
[EventCountry "JPN"]
[SourceTitle "CBM 215 Extra"]
[Source "ChessBase"]
[SourceDate "2023.09.30"]
[SourceVersion "1"]
[SourceVersionDate "2023.09.30"]
[SourceQuality "1"]

1. b3 d5 2. Bb2 Bg4 3. f3 Bh5 4. h4 Qd6 5. d4 Qg3+ 6. Kd2 Nc6 7. e3 f6 8. Ne2 Qf2 9. Nbc3 e5 10. Kc1 Qxe3+ 11. Kb1 exd4 12. Bc1 Qe6 13. Nf4 Qd7 14. Qe1+ Nge7 15. Nxh5 dxc3 16. g3 d4 17. Bh3 f5 18. g4 0-0-0 19. Nf4 g6 20. Nd3 Kb8 21. h5 Nd5 22. gxf5 gxf5 23. h6 Bd6 24. Qh4 Ndb4 25. Nxb4 Bxb4 26. Rd1 Qd5 27. Qh5 Rhf8 28. a3 Be7 29. Bf1 Ne5 30. Be2 f4 31. Ka2 a5 32. Re1 Bc5 33. Bd1 Ng6 34. Qxd5 Rxd5 35. Rh1 Re5 36. b4 axb4 37. axb4 Bxb4 38. Kb3 Bc5 39. Kc4 b6 40. Rh2 Rfe8 41. Rg2 R8e6 42. Rg4 Re1 43. Bxf4 Nxf4 44. Rxf4 Rxh6 45. Re4 Rhh1 0-1

[Event "Kobe op"]
[Site "Kobe"]
[Date "2023.07.14"]
[Round "1"]
[White "Ono, Tadashi"]
[Black "Tran, Thanh Tu"]
[Result "0-1"]
[WhiteElo "1711"]
[BlackElo "2420"]
[PlyCount "58"]
[EventDate "2023.07.14"]
[EventType "swiss"]
[EventRounds "7"]
[EventCountry "JPN"]
[SourceTitle "CBM 215 Extra"]
[Source "ChessBase"]
[SourceDate "2023.09.30"]
[SourceVersion "1"]
[SourceVersionDate "2023.09.30"]
[SourceQuality "1"]

1. d4 Nf6 2. Bg5 e6 3. e4 h6 4. Bxf6 Qxf6 5. c3 b6 6. Nd2 Bb7 7. Bd3 d6 8. Qf3 Qe7 9. Ne2 Nd7 10. a4 a6 11. b4 g6 12. 0-0 h5 13. Qe3 Bh6 14. f4 g5 15. e5 gxf4 16. Nxf4 dxe5 17. dxe5 Qg5 18. Rae1 0-0-0 19. Nc4 f5 20. Rf2 Qe7 21. Bf1 Rhg8 22. Qh3 Rg4 23. g3 Rdg8 24. Ng2 h4 25. Nce3 hxg3 26. hxg3 Bxe3 27. Rxe3 Qg7 28. Bc4 Rxc4 29. Nf4 Rh8 0-1

[Event "JPN-ch"]
[Site "Tokyo"]
[Date "2023.05.05"]
[Round "6"]
[White "Tran, Thanh Tu"]
[Black "Takahashi, Hideaki"]
[Result "1-0"]
[WhiteElo "2412"]
[BlackElo "1864"]
[PlyCount "73"]
[EventDate "2023.05.03"]
[EventType "swiss"]
[EventRounds "9"]
[EventCountry "JPN"]
[SourceTitle "CBM 214 Extra"]
[Source "ChessBase"]
[SourceDate "2023.07.31"]
[SourceVersion "1"]
[SourceVersionDate "2023.07.31"]
[SourceQuality "1"]

1. Nf3 Nf6 2. d4 g6 3. Nc3 Bg7 4. e4 d6 5. Be2 0-0 6. 0-0 c6 7. a4 e5 8. Be3 Nbd7 9. Qd2 exd4 10. Nxd4 Nc5 11. f3 a5 12. Rad1 Qc7 13. Kh1 Rd8 14. Bg5 Ne6 15. Nxe6 Bxe6 16. Qf4 Qe7 17. Qh4 h6 18. Bxh6 Bxh6 19. Qxh6 d5 20. exd5 Nxd5 21. Ne4 Nf6 22. Qg5 Kg7 23. Qe5 Re8 24. Rd6 Rad8 25. Rfd1 Rxd6 26. Nxd6 Rh8 27. f4 Kg8 28. Nc8 Qb4 29. Qxf6 Kh7 30. Nd6 Rf8 31. f5 gxf5 32. Nxf5 Bxf5 33. Qxf5+ Kg7 34. Qg5+ Kh8 35. Qh6+ Kg8 36. Bd3 Re8 37. Bh7+ 1-0

[Event "Budapest SixDays 03 GM-B"]
[Site "Budapest"]
[Date "2023.03.27"]
[Round "6"]
[White "Tran, Thanh Tu"]
[Black "Royal, Shreyas"]
[Result "1-0"]
[WhiteElo "2402"]
[BlackElo "2452"]
[PlyCount "63"]
[EventDate "2023.03.24"]
[EventType "tourn"]
[EventRounds "9"]
[EventCountry "HUN"]
[EventCategory "6"]
[SourceTitle "CBM 213 Extra"]
[Source "ChessBase"]
[SourceDate "2023.05.31"]
[SourceVersion "1"]
[SourceVersionDate "2023.05.31"]
[SourceQuality "1"]

1. d4 d5 2. Nc3 Nf6 3. Bf4 c5 4. e4 Nxe4 5. Nxe4 dxe4 6. dxc5 Qxd1+ 7. Rxd1 Nc6 8. f3 Bf5 9. c3 g6 10. Bc4 Bg7 11. fxe4 Bxe4 12. Nf3 0-0 13. 0-0 h6 14. Rfe1 Bxf3 15. gxf3 Rfd8 16. Bd5 e6 17. Be4 Rxd1 18. Rxd1 Rd8 19. Rxd8+ Nxd8 20. Bb8 Nc6 21. Bxc6 bxc6 22. Bxa7 Be5 23. b4 Kf8 24. c4 Ke7 25. Bb6 Kd7 26. a4 Bc7 27. a5 Kc8 28. a6 Be5 29. b5 Bd4+ 30. Kf1 cxb5 31. a7 Kb7 32. c6+ 1-0

[Event "Budapest Vezerkepzo GM-B 03"]
[Site "Budapest"]
[Date "2023.03.18"]
[Round "3"]
[White "Pribelszky, Bence"]
[Black "Tran, Thanh Tu"]
[Result "1/2-1/2"]
[WhiteElo "2380"]
[BlackElo "2402"]
[PlyCount "131"]
[EventDate "2023.03.16"]
[EventType "tourn"]
[EventRounds "9"]
[EventCountry "HUN"]
[EventCategory "6"]
[SourceTitle "CBM 213 Extra"]
[Source "ChessBase"]
[SourceDate "2023.05.31"]
[SourceVersion "1"]
[SourceVersionDate "2023.05.31"]
[SourceQuality "1"]

1. e4 e6 2. d4 d5 3. Nd2 c5 4. Ngf3 cxd4 5. exd5 Qxd5 6. Bc4 Qd6 7. 0-0 Nf6 8. Nb3 Nc6 9. Nbxd4 Nxd4 10. Nxd4 Be7 11. Nb5 Qc6 12. Be2 0-0 13. Be3 Rd8 14. Qc1 Bd7 15. c4 a6 16. Bf3 Qc8 17. Nc3 Bc6 18. Bxc6 Qxc6 19. b3 Rac8 20. Rd1 Ng4 21. h3 Rxd1+ 22. Nxd1 Ne5 23. Nb2 f5 24. Qc2 Ng6 25. Re1 Rd8 26. Rd1 f4 27. Rxd8+ Bxd8 28. Qd1 Be7 29. Bd4 b5 30. f3 Bc5 31. Kh2 h6 32. cxb5 Qxb5 33. a4 Qb4 34. Bxc5 Qxc5 35. Qe2 Qe3 36. Qxe3 fxe3 37. Nd3 e2 38. Kg3 Ne5 39. Ne1 Nc6 40. Kf4 a5 41. Ke3 Kf7 42. Kxe2 Nd4+ 43. Kd3 Nxb3 44. Kc4 Nd2+ 45. Kb5 Ke7 46. Kxa5 Kd6 47. Kb5 e5 48. Nd3 e4 49. fxe4 Nxe4 50. Kb6 Nd2 51. Nb2 Nb3 52. a5 Nxa5 53. Kxa5 Ke5 54. Nd3+ Ke4 55. Nf2+ Ke3 56. Ng4+ Kf4 57. Kb5 h5 58. Nf2 Kg3 59. Nd3 g5 60. Ne1 g4 61. hxg4 hxg4 62. Kc4 Kf2 63. Kd3 Kxe1 64. Ke3 Kf1 65. Kf4 Kxg2 66. Kxg4 1/2-1/2

[Event "Budapest FS03 GM"]
[Site "Budapest"]
[Date "2023.03.04"]
[Round "1"]
[White "Sammed Jaykumar, Shete"]
[Black "Tran, Thanh Tu"]
[Result "1-0"]
[WhiteElo "2454"]
[BlackElo "2402"]
[PlyCount "95"]
[EventDate "2023.03.04"]
[EventType "tourn"]
[EventRounds "9"]
[EventCountry "HUN"]
[EventCategory "6"]
[SourceTitle "CBM 213 Extra"]
[Source "ChessBase"]
[SourceDate "2023.05.31"]
[SourceVersion "1"]
[SourceVersionDate "2023.05.31"]
[SourceQuality "1"]

1. e4 Nc6 2. Nf3 d6 3. d4 Nf6 4. Nc3 g6 5. d5 Nb8 6. h3 Bg7 7. Bc4 0-0 8. 0-0 c6 9. a4 Qc7 10. Ba2 Na6 11. Re1 Nb4 12. Bb3 e5 13. dxe6 Bxe6 14. Bxe6 fxe6 15. e5 dxe5 16. Ne4 Nh5 17. Qe2 Nd5 18. g3 a5 19. Bd2 Rad8 20. Nfg5 Qe7 21. Bxa5 b6 22. Bd2 Rf5 23. c4 Nc7 24. Be3 Qb4 25. Red1 Rd4 26. Bxd4 exd4 27. h4 h6 28. Nf3 c5 29. Ne1 Rf8 30. a5 bxa5 31. Nd3 Qb6 32. Nexc5 Nf6 33. Re1 Rc8 34. Ne4 Nd7 35. c5 Qc6 36. Rxa5 Nd5 37. Qg4 Nf8 38. Nd6 Rb8 39. Ra7 Rb3 40. Rxg7+ Kxg7 41. Qxd4+ Kh7 42. Ne5 Qa8 43. Nef7 Nd7 44. Rxe6 Rb4 45. Qd2 Nf4 46. gxf4 Qf3 47. Re3 Qxf4 48. Ng5+ 1-0

[Event "Titled Tuesday intern op 03rd Jan Early"]
[Site "Chess.com INT"]
[Date "2023.01.03"]
[Round "9"]
[White "Tran, Thanh Tu"]
[Black "Demchenko, Anton"]
[Result "0-1"]
[WhiteElo "2403"]
[BlackElo "2625"]
[PlyCount "74"]
[EventDate "2023.01.03"]
[EventType "swiss (blitz)"]
[EventRounds "11"]
[EventCountry "USA"]
[SourceTitle "EXT 2024"]
[Source "ChessBase"]
[SourceDate "2023.10.10"]
[SourceVersion "1"]
[SourceVersionDate "2023.10.10"]
[SourceQuality "1"]

1. Nf3 Nf6 2. d4 d6 3. e3 g6 4. b3 Bg7 5. Bb2 0-0 6. Nbd2 Nbd7 7. c4 Re8 8. Be2 e5 9. dxe5 dxe5 10. 0-0 e4 11. Nd4 Qe7 12. Qc2 c6 13. a4 a5 14. Ba3 Qe5 15. c5 Qg5 16. Nc4 Ne5 17. Rfd1 Bh3 18. Bf1 Nxc4 19. Qxc4 h5 20. Kh1 Ng4 21. Ra2 Qe5 22. g3 Bxf1 23. Rxf1 Qf6 24. h3 Ne5 25. Qe2 Rad8 26. Rd2 Qe7 27. Kg2 Rd5 28. Rfd1 Qf6 29. b4 axb4 30. Bxb4 Ra8 31. a5 Nd3 32. Rxd3 exd3 33. Rxd3 Qd8 34. Qd1 Qe8 35. Qf3 Rad8 36. Bc3 Rxc5 37. Bb4 Rcd5 0-1

[Event "Olympiad-44"]
[Site "Chennai"]
[Date "2022.07.30"]
[Round "2.1"]
[White "Laurusas, Tomas"]
[Black "Tran, Thanh Tu"]
[Result "1-0"]
[WhiteElo "2561"]
[BlackElo "2375"]
[PlyCount "67"]
[EventDate "2022.07.29"]
[EventType "team-swiss"]
[EventRounds "11"]
[EventCountry "IND"]
[SourceTitle "CBM 210"]
[Source "ChessBase"]
[SourceDate "2022.10.31"]
[SourceVersion "1"]
[SourceVersionDate "2022.10.31"]
[SourceQuality "1"]
[WhiteTeam "Lithuania"]
[BlackTeam "Japan"]
[WhiteTeamCountry "LTU"]
[BlackTeamCountry "JPN"]

1. d4 Nf6 2. c4 e6 3. Nf3 d5 4. Nc3 Bb4 5. e3 0-0 6. Bd2 c6 7. Bd3 Nbd7 8. 0-0 Qe7 9. a3 Bd6 10. c5 Bc7 11. e4 dxe4 12. Nxe4 Nd5 13. Bg5 f6 14. Bh4 Nf4 15. Bg3 g5 16. Bc4 Re8 17. Re1 Nf8 18. h4 h6 19. Qc2 Kg7 20. Rad1 Bd7 21. Qc3 Nh7 22. Ba2 Rh8 23. Qb4 b5 24. Nd6 Kf8 25. Bxf4 gxf4 26. d5 e5 27. Nxb5 cxb5 28. d6 Bxd6 29. Rxd6 Rc8 30. c6 Bxc6 31. Rc1 a5 32. Rdxc6 axb4 33. Rxc8+ Kg7 34. R8c7 1-0